004650000a2200133000450024501140000065000240011465000150013865000240015365300200017704100130019770000240021010000200023477300770025410aTaxonomic studies in the Miconieae (). IV. generic realignments among terminal-flowered taxa14aTaxonomía vegetal14aBotánica14aMorfología floral fMelastomataceae0 aInglés1 aSkean Jr., James D.1 aJudd, Walter S.1 tBulletin Florida Museum Natural History Science3293h2q25-31d1991g36